|
|
|
|
| LEADER |
00000nab a2200000 a 4500 |
| 001 |
vtls001007219 |
| 003 |
SK-MaSNL |
| 005 |
20260304144411.0 |
| 008 |
250505e19960000xo 0 slo |
| 035 |
|
|
|a RV7819
|
| 035 |
|
|
|a urn:nbn:sk:snk-abes0g
|
| 035 |
|
|
|a (urnnbn)urn:nbn:sk:snk:ar-a08tpp
|
| 035 |
|
|
|a (uuid)06309f71-9840-4db9-8ab6-fdd19e88ed3c
|
| 040 |
|
|
|a SNKBUCL
|b slo
|c SNKBUCL
|e AACR2
|
| 041 |
0 |
|
|a slo
|
| 044 |
|
|
|a xo
|c SK
|
| 080 |
|
|
|a 681.8
|2 1981
|
| 080 |
|
|
|a 284.1
|2 1981
|
| 100 |
1 |
|
|a Mayer, Marian Alojz,
|d 1948-
|4 aut
|9 232314
|
| 245 |
1 |
0 |
|a Organ v Štítniku
|
| 500 |
|
|
|a charakteristika
|
| 500 |
|
|
|a informácie
|
| 650 |
0 |
7 |
|a historické organy
|2 RVGKPD
|9 31187
|
| 650 |
0 |
7 |
|a evanjelické kostoly
|2 RVGKPD
|9 86148
|
| 651 |
|
7 |
|a Štítnik (Slovensko)
|2 RVGKPD
|9 18458
|
| 773 |
0 |
|
|t Cirkevné listy
|g Roč. 109, č.4 (1996), s. 12
|
| 850 |
|
|
|a Slovenská národná knižnica
|
| 852 |
|
|
|a Slovenská národná knižnica
|
| 954 |
|
|
|a odborná, vedecká literatúra pôvodná (slovenská)
|2 lita
|
| 958 |
|
|
|a article2022
|
| 958 |
|
|
|a OND
|
| 958 |
|
|
|a EUIPO
|
| 999 |
|
|
|c 2931063
|d 2932993
|